000 00689cam a22002291 4500
001 sa 65000464
003 DLC
005 20260227112103.0
008 750207s1964 xx 000 0 ind
010 _asa 65000464
035 _a(OCoLC)1163603
040 _aDLC
_cOAU
_dDLC
042 _apremarc
050 0 0 _aJQ779.A55
_bA7 1964
110 2 _aPartai Komunis Indonesia.
_bComite Central.
245 1 0 _aUntuk bekerdja lebih baik dikalangan kaum tani
_c[oleh] D.N. Aidit [et al.]
250 _aTjet 3.
260 _aDjakarta,
_bJajasan Pembaruan,
_c1964.
300 _a48 p.
_c20 cm.
651 0 _aIndonesia
_xPolitics and government
_y1950-1966.
700 1 _aAidit, D. N.,
_d1923-1965.
999 _c61558
_d61558